Normal view
MARC view
Entry Personal Name
001 - CONTROL NUMBER
- control field: 1081984
003 - CONTROL NUMBER IDENTIFIER
- control field: OSt
005 - DATE AND TIME OF LATEST TRANSACTION
- control field: 20260121171918.0
008 - FIXED-LENGTH DATA ELEMENTS
- fixed length control field: 260121|| aca||aabn | a|a d
040 ## - CATALOGING SOURCE
- Original cataloging agency: OSt
- Transcribing agency: OSt
100 ## - HEADING--PERSONAL NAME
- Personal name: Yichun Xie, Yong Li, Ji Yang, Jianhui Xu, Yingbin Deng
670 ## - SOURCE DATA FOUND
- Source citation: Work cat.: (OSt)1647717: Yichun Xie, Yong Li, Ji Yang, Jianhui Xu, Yingbin Deng, Geoinformatics in Sustainable Ecosystem and Society
